000 00528nam a2200193 a 4500
001 1769511816996
003 YourLibrary
005 20260127164609.0
008 260127s2003##################000#0#eng##
020 _a9781402073540
082 0 4 _a331.10973
_bGIN
100 1 _aFoley, Lynn H.,
_eauthor.
245 1 0 _aTechnology, Growth, and the Labor Market :
260 _bTaylor & Francis US,
_c2003.
300 _a294 pages
650 0 _aBusiness & Economics.
942 _cENGLISH
040 _aYourLibrary
_beng
_cYourLibrary
999 _c609245
_d609245